000 00704nam a22001937a 4500
003 AUA.1
005 20251119180420.0
008 250714b |||||||| |||| 00| 0 eng d
040 _cJTL
100 _aOdolopre, Mark Igga Mona
245 _aA training program for effective discipleship of lay leaders in the Greater Upper Nile Field, South Sudan /
_cMark Igga Mona Odolopre.
260 _cc2025.
300 _axiii, 188 leaves :
_bIllustrations :
_c30cm.
610 _aSeventh-day Adventist Church :
_bGreater Upper Nile Field
_zSouth Sudan
650 _aChristian life
650 _aLaity
_vSeventh-day Adventists
650 _aTraining manuals
942 _2aua
_cDISS
_hDMin
_i.O36 2025
999 _c25229
_d25229